Movies Quiz

Random Movies or Actor Quiz

Movie by Occupation Quiz Stats

 Plays Quiz Updated Nov 22, 2018

Also try: Actor Occupations
Challenge
Share
Tweet
Embed
Score 0/63 Timer 10:00
0 Plays Today
% Correct
Apollo 13
80.1%
Catch Me If You Can
79.2%
Million Dollar Baby
78.8%
Ali
74.1%
Kill Bill Vol. 1
73.8%
The Sound of Music
73.1%
Liar Liar
72.5%
The Shawshank Redemption
70.2%
The Fighter
68.4%
Air Force One
66.9%
Dead Poet's Society
65.2%
Walk the Line
65.1%
The Mighty Ducks
64.7%
The Perfect Storm
63.4%
Get Him to the Greek
63.3%
A Few Good Men
63.2%
The Shining
59.6%
Pulp Fiction
59.5%
Raging Bull
58.7%
Groundhog Day
58%
Friday Night Lights
56.8%
Independence Day
55.3%
My Cousin Vinny
54.5%
Hoosiers
53.3%
Cinderella Man
52.6%
To Kill a Mockingbird
52.4%
Scream
50.2%
Mean Girls
50%
Capote
49.9%
No Country for Old Men
49.4%
A League of Their Own
48.7%
Finding Neverland
47.8%
% Correct
Planet of the Apes
47.6%
Ferris Bueller's Day Off
45.9%
Doubt
44.1%
Bonnie & Clyde
43%
Philadelphia
42.3%
Mr. Holland's Opus
41.4%
The Great Escape
40.5%
The Right Stuff
39.1%
Cool Hand Luke
37.9%
The American President
37%
Dave
36.7%
The Sting
36.2%
This Is Spinal Tap
35.9%
Jaws
35.8%
A River Runs Through It
34.8%
Dead Man Walking
33.8%
Dangerous Minds
33.1%
Point Break
32.4%
Almost Famous
32.2%
All the President's Men
31.5%
Dog Day Afternoon
31.2%
Grosse Pointe Blank
30.1%
Inside Man
28.8%
Deep Impact
28.7%
Escape from Alcatraz
27.8%
Léon
27.4%
Fletch
27%
The Hours
26.8%
Dirty Rotten Scoundrels
26.3%
Matchstick Men
25.7%
Frost/Nixon
15.9%

You're not logged in!

Compare scores with friends on all Sporcle quizzes.
OR
Log In

You Might Also Like...

Show Comments

Extras

Top Quizzes Today


Score Distribution

Your Account Isn't Verified!

In order to create a playlist on Sporcle, you need to verify the email address you used during registration. Go to your Sporcle Settings to finish the process.

Report this User

Report this user for behavior that violates our Community Guidelines.

Details: